Input language for automatic programming systems /
Guardado en:
| Autor Principal: | |
|---|---|
| Otros Autores: | , , |
| Formato: | Libro |
| Idioma: | English Russian |
| Publicado: |
London ; New York :
Published for the Automatic Programming Information Centre, Brighton College of Technology, England, by Academic Press,
1963.
|
| Series: | A.P.I.C. studies in data processing ;
no. 3 |
| Etiquetas: |
Agregar Etiqueta
Sin Etiquetas, Sea el primero en etiquetar este registro!
|
| LEADER | 01076nam a22002415 4500 | ||
|---|---|---|---|
| 001 | MAT.inmabb001750 | ||
| 008 | 840613s1963####enk###########001#0#eng#d | ||
| 005 | 20170824150627.0 | ||
| 245 | 1 | 0 | |a Input language for automatic programming systems / |c by A. P. Yershov, G. I. Kozhukhin and U. M. Voloshin ; authorized translation from the Russian with an introd. by R.W. Hockney. |
| 260 | |a London ; |a New York : |b Published for the Automatic Programming Information Centre, Brighton College of Technology, England, by Academic Press, |c 1963. | ||
| 300 | |a ix, 70 p. ; |c 23 cm. | ||
| 440 | 0 | |a A.P.I.C. studies in data processing ; |v no. 3 | |
| 500 | |a "Final revision of the preliminary account ... published in 1961." | ||
| 510 | 4 | |a MR, |c 30 #3585 | |
| 100 | 1 | |a Yershov, A. P. |q (Andrei Petrovich) | |
| 240 | 1 | 0 | |a Vkhodnoi iazyk sistemy avtomaticheskogo programmirovaniia. |l English |
| 700 | 1 | |a Kozhukhin, G. I. | |
| 700 | 1 | |a Voloshin, U. M. | |
| 700 | 1 | |a Hockney, Roger W. |4 aui | |
| 084 | |a 68.00 |2 MR | ||
| 010 | |a 63012393 | ||
| 041 | 1 | |a eng |h rus | |
| 859 | |h 68 |i Y47 |p A-3095 |b BIB. MATEMATICA | ||
